000 00635nam a2200277Ia 4500
005 20260324145428.0
008 008 260324s9999 xx 000 0 eng d
020 _a9781315788753
037 _aEBOOK
040 _aCRL
040 _beng
040 _cCRL
041 _2eng
041 _aeng
084 _qCRL
100 _aPeter G. Dean
_91222935
245 0 _aTeaching and Learning Mathematics
260 _bTaylor and Francis
260 _c1982
365 _a
365 _b230
856 _uhttp://www.taylorfrancis.com/books/9781315788753
942 _cEBOOK
999 _c1830827
_d1830827